Ark Scorched Earth Creatures - Statistics

General Stats
  • This quiz has been taken 5 times
  • The average score is 10 of 16
Answer Stats
Answer % Correct
Mantis
100%
Deathworm
75%
Fire Wyvern
75%
Jerboa
75%
Lightning Wyvern
75%
Manticore
75%
Morellatops
75%
Oil Jug Bug
75%
Poison Wyvern
75%
Water Jug Bug
75%
Lymantria
50%
Rock Golem
50%
Thorny Dragon
50%
Vulture
50%
Phoenix
25%
Rubble Golem
25%
No matching quizzes found
Score Distribution
Percent of People with Each Score
Percentile by Number Answered
Your Score History
You have not taken this quiz